Slovenské peniaze v obehu. Znakom štátnosti je aj vlastná mena.

Výmena federálnych bankoviek a mincí a zavedenie slovenských (pravdepodobne od 8.2.1994). Podrobnejšie o výtvarnom a technickom riešení slovenských mincí a bankoviek, ochrana proti falšovaniu a likvidácia starých peňazí.

Salvato in:
Dettagli Bibliografici
Autore principale: Klimešová, E.
Natura: Capitolo di libro
Lingua:slovacco
Soggetti:
Tags: Aggiungi Tag
Nessun Tag, puoi essere il primo ad aggiungerne!!

MARC

LEADER 00000naa a2200000 4500
001 r013635
005 20221205080716.9
041 0 |a slo 
044 |a SK 
245 1 0 |a Slovenské peniaze v obehu.  |b Znakom štátnosti je aj vlastná mena.  |c E. Klimešová 
520 |a Výmena federálnych bankoviek a mincí a zavedenie slovenských (pravdepodobne od 8.2.1994). Podrobnejšie o výtvarnom a technickom riešení slovenských mincí a bankoviek, ochrana proti falšovaniu a likvidácia starých peňazí. 
610 2 0 |a peniaze 
610 2 0 |a mince 
610 2 0 |a bankovky 
610 2 0 |a Slovensko 
610 2 0 |a mena 
610 2 0 |a 1993-1994 
100 1 |a Klimešová, E.